01394nam a2200313Ia 4500001001200000003000800012006001900020007001500039008004100054020002200095020002500117020001800142040002100160035002100181050002400202100002200226245011400248260014000362300001200502504004900514533015200563650006600715650006200781650005000843655002900893710001700922856012600939999001501065ebr10696100CaPaEBRm u cr cn|||||||||070116s2006 enk sb 001 0 eng d z1904380298 (pbk.) z9781904380290 (pbk.) z9781906534165 aCaPaEBRcCaPaEBR a(OCoLC)66689324114aKD8364b.H67 2006eb1 aHostettler, John.10aFighting for justiceh[electronic resource] :bthe history and origins of adversary trial /cJohn Hostettler. aWinchester, UK :bWaterside Press ;aPortland, Or. :b[Distributed in North America by] International Specialised Book Services,c2006. a176 p.  aIncludes bibliographic references and index. aElectronic reproduction.bPalo Alto, Calif. :cebrary,d2013.nAvailable via World Wide Web.nAccess may be limited to ebrary affiliated libraries. 0aAdversary system (Law)zGreat BritainxHistoryy18th century. 0aCriminal procedurezGreat BritainxHistoryy18th century. 0aTrialszGreat BritainxHistoryy18th century. 7aElectronic books.2local2 aebrary, Inc.40uhttp://site.ebrary.com/lib/rucke/Doc?id=10696100zAn electronic book accessible through the World Wide Web; click to view c8583d8583